000 005650000a22001810004500
020 _a958-9269-95-8
041 0 _aSPA
082 0 4 _aG 323.442 B9421c
100 1 _aBunch L., Jorge E.
245 1 0 _aLibertad de cultos y religiones : Normatividad nacional e internacional / Jorge E. Bunch L. , Luz Stella Higuera F.
260 _aBogotá, Colombia : Publicaciones Cristianas Iberoamericanas
300 _a457 Pag
001 9672
942 _cBK
999 _c39565
_d39565
336 _atexto
_btxt
_2rdacontent
337 _2rdamedia
_asin mediación
_bn
338 _2rdacarrier
_avolumen
_bnc